La Guerra del Pacífico en perspectiva histórica: reflexiones y proyecciones en pasado y en presente

Salvato in:
Dettagli Bibliografici
Autori principali: Cavieres Figueroa, Eduardo Lincoyán (autor), Chaupis Torres, José (Autore)
Natura: Libro
Lingua:spagnolo
Pubblicazione: Antofagasta Universidad de Tarapacá 2015
Edizione:1a. ed
Serie:Integración Trinacional
Soggetti:
Tags: Aggiungi Tag
Nessun Tag, puoi essere il primo ad aggiungerne!!

MARC

LEADER 00000cam a2200000 a 4500
001 UCD7297
003 CL-VaPUC
005 20230913104526.0
008 170317e20150000cl |||||||||||||||||spa|d
999 |c 367359  |d 367357 
020 |a 9789567021536 
040 |c Pontificia Universidad Católica de Valparaíso 
082 0 4 |a 983.061  |b CAV  |2 21 
100 |a Cavieres Figueroa, Eduardo Lincoyán  |e autor  |9 884614 
245 1 3 |a La Guerra del Pacífico en perspectiva histórica: reflexiones y proyecciones en pasado y en presente 
250 |a 1a. ed 
260 |a Antofagasta  |b Universidad de Tarapacá  |c 2015 
300 |a 334 p 
490 0 |a Integración Trinacional 
583 |a last modification  |c 20170317 22:16:00  |k Rodrigo Vera 
650 7 |a HISTORIA DE CHILE 1879  |2 CL-VaPUC  |9 444849 
650 0 |a Guerra del Pacífico  |9 314886 
650 0 |a Relaciones Internacionales  |9 255740 
650 0 |a Diplomacia  |9 256483 
700 0 |a Chaupis Torres, José  |e author  |9 591274 
942 |c BK  |2 ddc 
945 |d 20170317 22:16:00  |a dcastane 
952 |0 0  |1 0  |3 erb  |4 0  |6 983_061000000000000_CAV_2015  |7 0  |8 A  |9 482197  |a BIBHIS  |b BIBHIS  |i 5367379  |o 983.061 CAV 2015  |p 5367379  |r 2024-01-30  |w 2019-11-24  |y BK  |z Catalogado en:20170317  |k HIS